000 00384nam a2200157Ia 4500
008 230917s9999||||xx |||||||||||||| ||und||
040 _e182680
_aMAIN
041 _aEnglish
082 _a658.8 C998I(8)
100 _aCzinkota, Michael
245 0 _aInternational marketing
250 _a8th ed.
260 _aNew Delhi
_bCengage Learning
_c2007
300 _a646 p.
942 _cBK
999 _c153798
_d153798